000 00540nam a2200169Ia 4500
008 210716s2006 xx 000 0 und d
020 _a8178811723
041 _aeng
082 _a332.632 SEEK
100 _aSeethapathi, K;Rao, T S Ramakrishna;Suryanarayana, A.
245 _aManaging ipos: the role of investment bankers.
_bThe role of investment bankers.
250 _a1
260 _aHyderabad
_bICFAI University Press
_c2006
300 _a199
650 _aFinance
700 _aRao, T S Ramakrishna;Seethapathi, K;Suryanarayana, A.
999 _c202385
_d202385